<?xml version="1.0" encoding="UTF-8"?>
<collection xmlns:xsi="http://www.w3.org/2001/XMLSchema-instance" xsi:schemaLocation="http://www.loc.gov/MARC21/slim http://www.loc.gov/standards/marcxml/schema/MARC21slim.xsd" xmlns="http://www.loc.gov/MARC21/slim">
 <record>
  <leader>00000ctm a22000003i 4500</leader>
  <controlfield tag="001">UP-99796217611965349</controlfield>
  <controlfield tag="003">Buklod</controlfield>
  <controlfield tag="005">20230215105418.0</controlfield>
  <controlfield tag="006">m    |o  d |      </controlfield>
  <controlfield tag="007">ta</controlfield>
  <controlfield tag="008">160309s        xx     d     r    |||| u|</controlfield>
  <datafield tag="035" ind1=" " ind2=" ">
   <subfield code="a">(iLib)UPD-00254211260</subfield>
  </datafield>
  <datafield tag="040" ind1=" " ind2=" ">
   <subfield code="a">DENGII</subfield>
   <subfield code="e">rda</subfield>
  </datafield>
  <datafield tag="041" ind1="0" ind2=" ">
   <subfield code="a">eng</subfield>
  </datafield>
  <datafield tag="090" ind1=" " ind2=" ">
   <subfield code="a">LG 993.5 2015 E63</subfield>
   <subfield code="b">R63</subfield>
  </datafield>
  <datafield tag="100" ind1="1" ind2=" ">
   <subfield code="a">Rodriguez, Rolando S.</subfield>
   <subfield code="c">Jr.</subfield>
   <subfield code="e">author.</subfield>
  </datafield>
  <datafield tag="245" ind1="1" ind2="0">
   <subfield code="a">Assessment of ground motion amplification in Taguig and Binondo from an artificial ground motion</subfield>
   <subfield code="c">Rolando S. Rodriguez Jr., Reymar Angelo R. Victoria ; Kristian M. Azul, Mark Albert H. Zarco, advisers.</subfield>
  </datafield>
  <datafield tag="264" ind1=" " ind2="0">
   <subfield code="a">Quezon City</subfield>
   <subfield code="b">College of Engineering, University of the Philippines Diliman</subfield>
   <subfield code="c">2015.</subfield>
  </datafield>
  <datafield tag="300" ind1=" " ind2=" ">
   <subfield code="a">ix, 60 leaves</subfield>
   <subfield code="b">illustrations (mostly color)</subfield>
   <subfield code="c">28cm</subfield>
  </datafield>
  <datafield tag="336" ind1=" " ind2=" ">
   <subfield code="a">text</subfield>
   <subfield code="2">rdacontent</subfield>
  </datafield>
  <datafield tag="337" ind1=" " ind2=" ">
   <subfield code="a">unmediated</subfield>
   <subfield code="2">rdamedia</subfield>
  </datafield>
  <datafield tag="338" ind1=" " ind2=" ">
   <subfield code="a">volume</subfield>
   <subfield code="2">rdacarrier</subfield>
  </datafield>
  <datafield tag="502" ind1=" " ind2=" ">
   <subfield code="a">Thesis (B.S. Civil Engineering)--University of the Philippines Diliman</subfield>
   <subfield code="d">January 2015.</subfield>
  </datafield>
  <datafield tag="520" ind1="3" ind2=" ">
   <subfield code="a">An artificial ground motion was simulated for a M7.2 West Valley Fault earthquake and synthetic ground motion records were generated for two sites - Taguig and Binondo. These sites were chosen due to the existing deep sedimentary layers which, according to studies, contribute to the amplification of ground motion as it propagate in the upper soil layers to the surface. The soil effects of the ground motion amplification were studied. Response spectra were also produced for both sites from the generated artificial motion. The software Extended Fault Simulation (EXSIM) was used to simulate the artificial ground motion using the stochastic finite-source approach. The software's accuracy is checked and then calibrated by comparing its results and the actual records with the 1999 M6.8 Hermana Mayor Earthquake and 1999 M7.6 Chi-Chi, Taiwan earthquake. Using EXSIM, the artificial ground motion was propagated from the source to the site at the specified depth of the soil layers. The Equivalent Earthquake Linear Response Analysis (EERA) program was then used to propagate the motion from the depth to the surface site passing through a user-defined soil profile (eg. borelogs), observing the site amplification effects. The results of the simulation show that for the Binondo site, ground amplification was observed, with 17% increase in maximum acceleration. A Fast-Fourier transform of the acceleration time history to frequency domain showed that the predominant frequency at the Binondo site is at 2Hz and 5Hz. From the generated response spectrum, the critical structure periods for the site was identified at 0.06s, 2s and 0.5s. For the Taguig site however, a deamplification of motion occurred, with 32% decrease in maximum acceleration. Further examination showed that it was due to the relatively soft soil at the site, and existing sand pockets beyond the 35m depth. These soft soil pockets caused significant damping of the maximum acceleration. However, this deamplification in Taguig may be treated as a special case due to the nature of the borehole source, near Laguna Lake which may be the reason for the soft soil and existing sand pockets. From the FFT of the generated motion, the predominant frequencies at the Taguig site was at 0.5 - 0.6Hz and 2-3Hz. The critical structure periods were at .15s to .4s, which was taken from the response spectrum at the site.</subfield>
  </datafield>
  <datafield tag="650" ind1=" " ind2="0">
   <subfield code="a">Earthquake simulators.</subfield>
  </datafield>
  <datafield tag="650" ind1=" " ind2="0">
   <subfield code="a">Soil dynamics</subfield>
   <subfield code="x">Computer simulation.</subfield>
  </datafield>
  <datafield tag="653" ind1=" " ind2=" ">
   <subfield code="a">EXtended Fault SIMulation (EXSIM).</subfield>
  </datafield>
  <datafield tag="700" ind1="1" ind2=" ">
   <subfield code="a">Victoria, Reymar Angelo R.</subfield>
   <subfield code="e">author.</subfield>
  </datafield>
  <datafield tag="700" ind1="1" ind2=" ">
   <subfield code="a">Azul, Kristian M.</subfield>
   <subfield code="e">adviser.</subfield>
  </datafield>
  <datafield tag="700" ind1="1" ind2=" ">
   <subfield code="a">Zarco, Mark Albert H.</subfield>
   <subfield code="e">adviser.</subfield>
  </datafield>
  <datafield tag="842" ind1=" " ind2=" ">
   <subfield code="a">Thesis</subfield>
  </datafield>
  <datafield tag="905" ind1=" " ind2=" ">
   <subfield code="a">FI</subfield>
  </datafield>
  <datafield tag="905" ind1=" " ind2=" ">
   <subfield code="a">UP</subfield>
  </datafield>
  <datafield tag="852" ind1="0" ind2=" ">
   <subfield code="a">UPD</subfield>
   <subfield code="b">DENG-II</subfield>
   <subfield code="h">LG 993.5 2015 E63</subfield>
   <subfield code="i">R63</subfield>
  </datafield>
  <datafield tag="942" ind1=" " ind2=" ">
   <subfield code="a">Thesis</subfield>
  </datafield>
 </record>
</collection>
